[Event "Rated Blitz game"]
[Site "?"]
[Date "2021.03.27"]
[Round "?"]
[White "NurmagomedOmarov97"]
[Black "blastol"]
[Result "0-1"]
[WhiteElo "2410"]
[BlackElo "2431"]
[PlyCount "156"]
[EventDate "2021.??.??"]
[EventType "blitz"]

1. e4 e5 2. Nf3 d5 3. Nxe5 Bd6 4. d4 dxe4 5. Bc4 Bxe5 6. dxe5 Qxd1+ 7. Kxd1 Nc6
8. Re1 Bg4+ 9. Be2 O-O-O+ 10. Bd2 Nxe5 11. Nc3 Nf6 12. Kc1 Rhe8 13. Bg5 Bf5 14.
Bc4 Rd4 15. Bb3 Nfg4 16. Be3 Nxe3 17. fxe3 Rd7 18. a4 c6 19. Kb1 Rd2 20. Re2
Red8 21. Ka2 Rxe2 22. Nxe2 c5 23. Rf1 g6 24. Kb1 Ng4 25. Bxf7 Nxe3 26. Rg1 Rd2
27. Ng3 Rxg2 28. Rxg2 Nxg2 29. Nxf5 gxf5 30. Be6+ Kc7 31. Bxf5 e3 32. Bg4 Nf4
33. Kc1 Kd6 34. Kd1 Ke5 35. Bc8 b6 36. c3 Ke4 37. Ba6 Kf3 38. b4 Kf2 39. bxc5
bxc5 40. Kc2 e2 41. Bxe2 Kxe2 42. a5 Ke3 43. Kb3 Kd3 44. Ka4 Kc4 45. a6 Nd5 46.
Ka5 Nb6 47. h4 Kxc3 48. Kb5 Kd4 49. Kc6 c4 50. Kb7 c3 51. Kxa7 c2 52. Kxb6 c1=Q
53. a7 Qb2+ 54. Kc7 Qa3 55. Kb8 Qf8+ 56. Kb7 Qe7+ 57. Kb8 Qd8+ 58. Kb7 Qd7+ 59.
Kb6 Qc8 60. h5 Qa8 61. h6 Ke5 62. Ka6 Kf6 63. Kb6 Kg6 64. Kc7 Kxh6 65. Kb6 Kg6
66. Ka6 h5 67. Kb6 h4 68. Kc7 h3 69. Kd6 h2 70. Kc5 h1=Q 71. Kd4 Qhb7 72. Kc4
Qaxa7 73. Kd3 Qaa6+ 74. Ke3 Qbb5 75. Kd2 Qaa4 76. Kc3 Qbb3+ 77. Kd2 Qaa2+ 78.
Kc1 Qbb1# {Normal} 0-1

[Event "Rated Blitz tournament RQArmJCU"]
[Site "?"]
[Date "2021.03.27"]
[Round "?"]
[White "Ivan11Martic"]
[Black "annaly1979"]
[Result "1-0"]
[WhiteElo "2521"]
[BlackElo "2374"]
[PlyCount "65"]
[EventDate "2021.??.??"]
[EventType "blitz"]

1. e4 e5 2. Nf3 d5 3. exd5 e4 4. Qe2 f5 5. d3 Nf6 6. Bg5 Be7 7. Nfd2 O-O 8.
dxe4 fxe4 9. Nc3 Bf5 10. Nc4 Nbd7 11. h3 a6 12. O-O-O b5 13. Ne3 Bg6 14. g4 Bd6
15. Bg2 b4 16. Nxe4 Qe8 17. Nxd6 cxd6 18. Kb1 Rb8 19. Rhe1 Ne4 20. Bxe4 Qxe4
21. Qxa6 b3 22. axb3 Nc5 23. Qxd6 Nxb3 24. Qe6+ Kh8 25. Qxe4 Bxe4 26. Nf5 Bxf5
27. gxf5 Nc5 28. Be7 Rfc8 29. Bxc5 Rxc5 30. d6 Rcb5 31. b3 Rd8 32. d7 Kg8 33.
Re8+ {Normal} 1-0

[Event "Rated Blitz game"]
[Site "?"]
[Date "2021.03.27"]
[Round "?"]
[White "UnknownTreasure"]
[Black "blastol"]
[Result "1-0"]
[WhiteElo "2481"]
[BlackElo "2443"]
[PlyCount "107"]
[EventDate "2021.??.??"]
[EventType "blitz"]

1. e4 e5 2. Nf3 d5 3. exd5 Bd6 4. d3 f5 5. Nc3 Nf6 6. Bg5 O-O 7. Be2 Qe8 8. O-O
e4 9. dxe4 fxe4 10. Nd4 Bxh2+ 11. Kxh2 Qe5+ 12. g3 Qxg5 13. Kg2 Qg6 14. Ne6
Bxe6 15. dxe6 Nc6 16. Nd5 Rad8 17. c4 Rfe8 18. e7 Rd6 19. Qb3 Nd4 20. Qe3 Nxd5
21. cxd5 Nc2 22. Qc5 Nxa1 23. Qxc7 Nc2 24. Qxc2 Rxe7 25. Qc8+ Re8 26. Qxb7 Qf7
27. Qb4 Rb6 28. Qc3 Kh8 29. Bc4 Rc8 30. Re1 Qf3+ 31. Qxf3 exf3+ 32. Kxf3 Rf6+
33. Kg2 h6 34. b3 Rcf8 35. f4 Kh7 36. Re7 a6 37. f5 Rxf5 38. Bd3 Kg8 39. Bxf5
Rxf5 40. d6 Rd5 41. d7 Kh7 42. b4 Kg6 43. Re6+ Kf7 44. Rxa6 Rxd7 45. b5 Rd2+
46. Kh3 Rb2 47. b6 h5 48. a4 g5 49. a5 Rb1 50. Kg2 Rb2+ 51. Kf3 Rb3+ 52. Ke4 h4
53. Ra7+ Kg6 54. gxh4 {Time forfeit} 1-0

[Event "Rated Blitz game"]
[Site "?"]
[Date "2021.03.27"]
[Round "?"]
[White "ZChessAdmin"]
[Black "Trompatzer"]
[Result "0-1"]
[WhiteElo "2438"]
[BlackElo "2403"]
[PlyCount "50"]
[EventDate "2021.??.??"]
[EventType "blitz"]

1. e4 e5 2. Nf3 d5 3. Nxe5 Bd6 4. d4 dxe4 5. Nc3 Bxe5 6. dxe5 Qxd1+ 7. Kxd1 Nc6
8. Nxe4 Bf5 9. Ng3 O-O-O+ 10. Bd2 Bg6 11. f4 Nh6 12. Bb5 Bxc2+ 13. Kxc2 Nd4+
14. Kc1 Nxb5 15. a4 Nd4 16. Ra3 Nhf5 17. Re1 Nxg3 18. hxg3 h5 19. Rc3 g6 20.
Be3 Nf5 21. Bf2 a6 22. Bb6 Rd7 23. e6 fxe6 24. Rxe6 Nxg3 25. Rxg6 Ne2+ {Normal}
0-1

[Event "Rated Blitz game"]
[Site "?"]
[Date "2021.03.27"]
[Round "?"]
[White "Luc_plays_chess"]
[Black "wezly1"]
[Result "0-1"]
[WhiteElo "2330"]
[BlackElo "2414"]
[PlyCount "58"]
[EventDate "2021.??.??"]
[EventType "blitz"]

1. e4 e5 2. Nf3 d5 3. exd5 e4 4. Qe2 Qe7 5. Nd4 Nf6 6. Nc3 Na6 7. Qb5+ Nd7 8.
a3 Qe5 9. Nb3 Nac5 10. Nxc5 Bxc5 11. Be2 a6 12. Qc4 Bd4 13. O-O Nb6 14. Qb3 Bf5
15. d3 exd3 16. Bxd3 Bxd3 17. cxd3 O-O-O 18. Bd2 Nxd5 19. Rae1 Qh5 20. Ne4 Qf5
21. Ng3 Qd7 22. Re4 Nf6 23. Re2 Rhe8 24. Ne4 Re6 25. Rc1 Rb6 26. Qc4 Nxe4 27.
Rxe4 Bxb2 28. Rc2 Bxa3 29. Bf4 Rb1+ {Time forfeit} 0-1

[Event "Rated Blitz game"]
[Site "?"]
[Date "2021.03.26"]
[Round "?"]
[White "Tigranazaryan"]
[Black "Dzon_Vejn"]
[Result "1-0"]
[WhiteElo "2406"]
[BlackElo "2458"]
[PlyCount "117"]
[EventDate "2021.??.??"]
[EventType "blitz"]

1. e4 e5 2. Nf3 d5 3. exd5 e4 4. Qe2 Nf6 5. d3 Qxd5 6. Nc3 Bb4 7. dxe4 Qxe4 8.
Bd2 Qxe2+ 9. Bxe2 Nc6 10. Nb5 Bxd2+ 11. Nxd2 Kd8 12. O-O-O a6 13. Ne4+ Bd7 14.
Nxf6 gxf6 15. Nc3 Kc8 16. Ne4 f5 17. Nc5 Be6 18. Nxe6 fxe6 19. Bc4 Re8 20. Rhe1
Nd8 21. f4 b5 22. Be2 Rb8 23. g3 Rb6 24. Bf3 Rd6 25. Rxd6 cxd6 26. Kd2 Kd7 27.
Rd1 Kc7 28. Ke3 Re7 29. Kf2 e5 30. fxe5 dxe5 31. Bd5 Ne6 32. c3 Nc5 33. Ke3 Na4
34. Rf1 f4+ 35. gxf4 exf4+ 36. Kxf4 Nxb2 37. Kf5 Na4 38. Kf6 Rd7 39. Be6 Rd3
40. c4 b4 41. h4 Nc5 42. Bf5 Rd4 43. h5 Rxc4 44. h6 Rh4 45. Kg7 a5 46. Kxh7 a4
47. Kg7 Nb7 48. h7 Nd6 49. Bg6 Kc6 50. h8=Q Rxh8 51. Kxh8 Kc5 52. Bc2 Kb5 53.
Rf6 Nb7 54. Rf5+ Kc4 55. Bxa4 Nd6 56. Bb3+ Kc3 57. Rd5 Nf7+ 58. Kg7 Ng5 59.
Rxg5 {Normal} 1-0

[Event "Rated Blitz tournament mLrNWmbA"]
[Site "?"]
[Date "2021.03.26"]
[Round "?"]
[White "CraZyAlchemist"]
[Black "dr_xStranger"]
[Result "1-0"]
[WhiteElo "2545"]
[BlackElo "2517"]
[PlyCount "147"]
[EventDate "2021.??.??"]
[EventType "blitz"]

1. e4 e5 2. Nf3 d5 3. d4 dxe4 4. Nxe5 Bd6 5. Bc4 Bxe5 6. dxe5 Qxd1+ 7. Kxd1 Nc6
8. Bf4 Nge7 9. Bb5 Bg4+ 10. Kc1 O-O-O 11. Nc3 Nd4 12. Bc4 Bf5 13. Bxf7 e3 14.
fxe3 Nxc2 15. e4 Nxa1 16. exf5 Rhf8 17. Be6+ Kb8 18. Bg5 Rde8 19. Bd7 h6 20.
Bxe7 Rxe7 21. Be6 c6 22. Kb1 g6 23. g4 h5 24. h3 Rh8 25. Rd1 hxg4 26. hxg4 Rh4
27. Rg1 gxf5 28. gxf5 Reh7 29. Kxa1 Rh1 30. Rxh1 Rxh1+ 31. Nb1 Kc7 32. Bf7 Kd7
33. e6+ Ke7 34. Bg6 Kf6 35. a3 b5 36. Ka2 a5 37. Nc3 Rh4 38. Kb1 b4 39. axb4
axb4 40. Ne2 b3 41. Kc1 c5 42. Kd2 c4 43. Kc3 Rh2 44. Nd4 Rf2 45. Kxc4 Rxb2 46.
Nxb3 Rh2 47. Nd4 Rh8 48. Kd5 Rd8+ 49. Ke4 Ra8 50. Nc6 Ra4+ 51. Kd5 Ra1 52. e7
Rd1+ 53. Kc4 Rc1+ 54. Kd3 Re1 55. Kc4 Rc1+ 56. Kb5 Rb1+ 57. Ka6 Re1 58. Kb7 Re2
59. Kc8 Re1 60. Kd8 Rd1+ 61. Ke8 Re1 62. Kf8 Rh1 63. Kg8 Re1 64. Kf8 Rh1 65.
Bf7 Re1 66. Be6 Rh1 67. e8=Q Rh8+ 68. Bg8 Kxf5 69. Qe6+ Kg5 70. Qe5+ Kg4 71.
Qxh8 Kg3 72. Qh5 Kf2 73. Nd4 Ke1 74. Qe2# {Normal} 1-0

[Event "Rated Blitz game"]
[Site "?"]
[Date "2021.03.26"]
[Round "?"]
[White "vicven67"]
[Black "DarthZannah"]
[Result "0-1"]
[WhiteElo "2452"]
[BlackElo "2506"]
[PlyCount "62"]
[EventDate "2021.??.??"]
[EventType "blitz"]

1. e4 e5 2. Nf3 d5 3. d4 dxe4 4. Nxe5 Nd7 5. Nc4 Nb6 6. Ne3 f5 7. g3 Nf6 8. c4
Be6 9. Nc3 c6 10. b3 Qd7 11. a4 Bb4 12. Bb2 a5 13. Bg2 O-O-O 14. Nc2 Bxc4 15.
bxc4 Nxc4 16. Qc1 Nd5 17. O-O Nxc3 18. Bxc3 Bxc3 19. Rb1 Nd2 20. Rd1 Nxb1 21.
Qxb1 Qe7 22. Qb3 Bb4 23. Ne3 g6 24. d5 Qf7 25. Qc2 Kb8 26. dxc6 Rxd1+ 27. Qxd1
bxc6 28. Qd4 Rc8 29. Nc4 Qc7 30. Bf1 Rd8 31. Qd5 cxd5 {Normal} 0-1

[Event "Rated Blitz tournament mLrNWmbA"]
[Site "?"]
[Date "2021.03.26"]
[Round "?"]
[White "owezkakaa"]
[Black "D_BKD"]
[Result "1-0"]
[WhiteElo "2525"]
[BlackElo "2480"]
[PlyCount "133"]
[EventDate "2021.??.??"]
[EventType "blitz"]

1. e4 e5 2. Nf3 d5 3. d3 dxe4 4. dxe4 Qxd1+ 5. Kxd1 f6 6. Nc3 Nc6 7. Be3 Bg4 8.
Bb5 O-O-O+ 9. Ke2 Nd4+ 10. Bxd4 exd4 11. Nb1 Ne7 12. Nbd2 Ng6 13. g3 Bb4 14. h3
Bxd2 15. hxg4 Bg5 16. Bc4 Kb8 17. Bf7 Ne5 18. Nxe5 fxe5 19. Raf1 Rhf8 20. Bc4
h6 21. Be6 Rd6 22. Bf5 Rc6 23. Kd3 Rb6 24. b3 Rc6 25. f4 Rc3+ 26. Kd2 Bf6 27.
Rhg1 a5 28. a4 Rd8 29. Rg2 c5 30. Rgf2 c4 31. Rf3 Rxf3 32. Rxf3 c3+ 33. Kd3 Kc7
34. Rf1 Kd6 35. Rh1 Kc5 36. Rh5 Kb4 37. g5 hxg5 38. fxg5 Be7 39. Rh7 Bf8 40.
Rh8 b5 41. axb5 Kxb5 42. Rg8 Kb4 43. g6 Ka3 44. Be6 a4 45. bxa4 Kxa4 46. Bd5
Kb4 47. Bf7 Kc5 48. Bb3 Kd6 49. Bc4 Ke7 50. Ke2 Kf6 51. Bf7 Rb8 52. Kd3 Ke7 53.
g4 Rb1 54. g5 Rd1+ 55. Kc4 Rg1 56. Rh8 Rg2 57. Kb3 Rxg5 58. Rh1 Rg4 59. Bd5
Rxg6 60. Ra1 Rb6+ 61. Kc4 Kf6 62. Ra7 Bd6 63. Rf7+ Kg6 64. Rf5 Rb4+ 65. Kd3 Rb1
66. Bf7+ Kh7 67. Rh5# {Normal} 1-0

[Event "Rated Blitz game"]
[Site "?"]
[Date "2021.03.26"]
[Round "?"]
[White "LaughingCoffin57"]
[Black "Turkmentiger2020"]
[Result "1-0"]
[WhiteElo "2460"]
[BlackElo "2561"]
[PlyCount "91"]
[EventDate "2021.??.??"]
[EventType "blitz"]

1. e4 e5 2. Nf3 d5 3. exd5 e4 4. Qe2 Nf6 5. d3 Qxd5 6. Nbd2 Nc6 7. dxe4 Qh5 8.
Qb5 Bc5 9. Nb3 Nxe4 10. Be3 Bb4+ 11. c3 Qxb5 12. Bxb5 Bd6 13. Nfd4 Bd7 14. Nxc6
bxc6 15. Bd3 Nf6 16. Nc5 Nd5 17. Bd4 Nf4 18. O-O-O Nxd3+ 19. Rxd3 Bf5 20. Rf3
Bg4 21. Re3+ Kf8 22. h3 Bh5 23. Nd7+ Kg8 24. Be5 f6 25. Bxd6 cxd6 26. Re7 Re8
27. Rhe1 Rxe7 28. Rxe7 Bf7 29. Nb8 h5 30. Rxa7 Bd5 31. f3 Kh7 32. Nd7 Bc4 33.
Nxf6+ Kg6 34. Ne4 Bf1 35. g4 hxg4 36. hxg4 d5 37. Nc5 Be2 38. Nd7 Kg5 39. Ne5
Kf6 40. f4 g5 41. Rf7+ Ke6 42. Rf5 gxf4 43. Nxc6 Bxg4 44. Rxf4 Rh1+ 45. Kd2
Rh2+ 46. Ke3 {Time forfeit} 1-0

[Event "Rated Blitz game"]
[Site "?"]
[Date "2021.03.26"]
[Round "?"]
[White "Kimuel_Aaron_Lorenzo"]
[Black "KamranShirazi"]
[Result "1-0"]
[WhiteElo "2569"]
[BlackElo "2459"]
[PlyCount "75"]
[EventDate "2021.??.??"]
[EventType "blitz"]

1. e4 e5 2. Nf3 d5 3. Nxe5 Bd6 4. d4 dxe4 5. Bc4 Bxe5 6. Qh5 Qe7 7. Qxe5 Qxe5
8. dxe5 Nc6 9. Nc3 Nxe5 10. Bb3 Bf5 11. Bf4 Ng6 12. Bxc7 Nf6 13. Ba4+ Bd7 14.
Bxd7+ Kxd7 15. Bg3 Rae8 16. O-O-O+ Kc6 17. Rd6+ Kc5 18. Rhd1 b5 19. a3 a5 20.
Ra6 Rd8 21. Rxa5 Rxd1+ 22. Kxd1 Rd8+ 23. Ke2 Kc6 24. Rxb5 Nd7 25. Rd5 f5 26.
Rxf5 Nc5 27. Rf7 Ne6 28. Nxe4 Nd4+ 29. Kd3 Nb5+ 30. Ke3 Nd4 31. c3 Nc2+ 32. Ke2
Na1 33. Rc7+ Kb6 34. Rxg7 Nb3 35. Bc7+ Kb5 36. Bxd8 Nc1+ 37. Kf1 Nb3 38. Rxg6 {
Normal} 1-0

[Event "Rated Blitz game"]
[Site "?"]
[Date "2021.03.26"]
[Round "?"]
[White "Kimuel_Aaron_Lorenzo"]
[Black "KamranShirazi"]
[Result "1-0"]
[WhiteElo "2585"]
[BlackElo "2444"]
[PlyCount "97"]
[EventDate "2021.??.??"]
[EventType "blitz"]

1. e4 e5 2. Nf3 d5 3. Nxe5 Bd6 4. d4 dxe4 5. Bc4 Bxe5 6. Qh5 Qe7 7. Qxe5 Nc6 8.
Qxe7+ Ngxe7 9. c3 Na5 10. Bb5+ Bd7 11. Be2 O-O-O 12. Na3 f5 13. Bg5 Rde8 14. h4
h6 15. Bxe7 Rxe7 16. h5 f4 17. O-O-O Be6 18. d5 Bf5 19. b4 e3 20. bxa5 exf2 21.
Bd3 Bxd3 22. Rxd3 Re1+ 23. Rd1 Rhe8 24. Nc2 R1e2 25. Rhf1 R8e5 26. c4 R5e4 27.
Rd2 Re1+ 28. Rd1 R1e2 29. Nd4 Rxa2 30. Kb1 Ra4 31. Rxf2 Rxc4 32. Rfd2 Rb4+ 33.
Kc2 Ra4 34. Nb3 Re5 35. Kc3 Kd7 36. Rd4 Ra2 37. Rxf4 b6 38. axb6 cxb6 39. Rf7+
Kd6 40. Rxg7 Rxh5 41. Rg6+ Kd7 42. Rd3 Rg5 43. Rxh6 Rgxg2 44. Rh7+ Kd6 45. Rh6+
Kd7 46. d6 Rac2+ 47. Kb4 a5+ 48. Kb5 Rb2 49. Rh7+ {Time forfeit} 1-0

[Event "Rated Blitz game"]
[Site "?"]
[Date "2021.03.26"]
[Round "?"]
[White "Mark_Twain_64"]
[Black "blastol"]
[Result "1-0"]
[WhiteElo "2423"]
[BlackElo "2435"]
[PlyCount "71"]
[EventDate "2021.??.??"]
[EventType "blitz"]

1. e4 e5 2. Nf3 d5 3. Nc3 dxe4 4. Nxe4 f5 5. Ng3 e4 6. Ne5 Nf6 7. d4 Bd6 8. Nc4
Nc6 9. c3 O-O 10. Be2 Qe8 11. O-O Be6 12. Nxd6 cxd6 13. f4 Kh8 14. Be3 d5 15.
Qd2 Nd7 16. b3 Rf6 17. Rf2 Rh6 18. Rc1 Qe7 19. Nf1 Qh4 20. c4 Rg8 21. c5 g5 22.
fxg5 Rhg6 23. g3 Qh3 24. Bf4 h6 25. gxh6 Nf6 26. Qe3 Ng4 27. Bxg4 Rxg4 28. a3
Ne7 29. Kh1 Ng6 30. c6 bxc6 31. Rxc6 Nxf4 32. Rxf4 Rxf4 33. Qxf4 Bd7 34. Rc7
Rd8 35. Qe5+ Kh7 36. Qg7# {Normal} 1-0

[Event "Rated Blitz tournament mLrNWmbA"]
[Site "?"]
[Date "2021.03.26"]
[Round "?"]
[White "RetiLangweiler"]
[Black "dr_xStranger"]
[Result "1-0"]
[WhiteElo "2509"]
[BlackElo "2521"]
[PlyCount "59"]
[EventDate "2021.??.??"]
[EventType "blitz"]

1. e4 e5 2. Nf3 d5 3. exd5 e4 4. Qe2 Nf6 5. Nc3 Be7 6. Nxe4 O-O 7. d3 Re8 8.
Be3 Nxd5 9. O-O-O f5 10. Ned2 f4 11. Bd4 Bd6 12. Ne4 Nc6 13. Qd2 Bg4 14. Bc5
Bxc5 15. Nxc5 Bxf3 16. gxf3 Nd4 17. Nxb7 Qd7 18. Qa5 c6 19. Nc5 Qd6 20. c3 Nb5
21. Ne4 Qe5 22. d4 Qh5 23. Bxb5 cxb5 24. Qxb5 Rab8 25. Qd3 Qf7 26. Nd6 Qd7 27.
Nxe8 Qxe8 28. Qc4 Qd7 29. Rhe1 Rc8 30. Qb3 {Normal} 1-0

[Event "Rated Blitz game"]
[Site "?"]
[Date "2021.03.26"]
[Round "?"]
[White "DrEstranged"]
[Black "KamranShirazi"]
[Result "1-0"]
[WhiteElo "2525"]
[BlackElo "2463"]
[PlyCount "91"]
[EventDate "2021.??.??"]
[EventType "blitz"]

1. e4 e5 2. Nf3 d5 3. d4 dxe4 4. Nxe5 Nd7 5. Nc4 Ngf6 6. Nc3 h6 7. Be2 Nb6 8.
Ne5 c5 9. Be3 cxd4 10. Qxd4 Qxd4 11. Bxd4 Bd6 12. Nb5 Bb8 13. O-O-O O-O 14. f4
exf3 15. Bxf3 a6 16. Nc3 Nbd7 17. Nc4 Ba7 18. Nd6 Bxd4 19. Rxd4 Nc5 20. Rhd1
Rb8 21. Rc4 b6 22. b4 Ne6 23. h4 b5 24. Rc6 g5 25. hxg5 hxg5 26. Kb2 a5 27.
bxa5 b4 28. Nd5 Nxd5 29. Bxd5 Nf4 30. Bxf7+ Rxf7 31. Rxc8+ Rxc8 32. Nxc8 Rc7
33. Rd8+ Kf7 34. a6 Nxg2 35. a7 Rxa7 36. Nxa7 Nf4 37. Nc6 g4 38. Nxb4 g3 39.
Rd1 Ne2 40. a4 g2 41. a5 g1=Q 42. Rxg1 Nxg1 43. a6 Nf3 44. a7 Ne5 45. a8=Q Nd7
46. Qd5+ {Normal} 1-0

[Event "Rated Blitz game"]
[Site "?"]
[Date "2021.03.26"]
[Round "?"]
[White "yaguigor"]
[Black "KamranShirazi"]
[Result "0-1"]
[WhiteElo "2525"]
[BlackElo "2452"]
[PlyCount "106"]
[EventDate "2021.??.??"]
[EventType "blitz"]

1. e4 e5 2. Nf3 d5 3. exd5 e4 4. Qe2 Nf6 5. d3 Bb4+ 6. c3 O-O 7. dxe4 Bc5 8.
Bg5 Re8 9. Nbd2 c6 10. dxc6 Nxc6 11. O-O-O Be6 12. Nb3 Qb6 13. Nxc5 Qxc5 14.
Bxf6 gxf6 15. Qb5 Qxf2 16. Bc4 a6 17. Qb3 Na5 18. Bxe6 Nxb3+ 19. Bxb3 Rxe4 20.
Rd2 Qb6 21. Rhd1 Rae8 22. Nd4 Rxd4 23. Rxd4 Re2 24. Rd7 Qe3+ 25. Kb1 Re1 26.
Bxf7+ Kg7 27. Bh5+ Kh6 28. Bf3 Rxd1+ 29. Rxd1 b5 30. a3 a5 31. h3 b4 32. axb4
axb4 33. cxb4 Qb3 34. Rd4 Kg6 35. Be4+ Kg7 36. Bf3 f5 37. Bc6 Qe3 38. Rd7+ Kf6
39. b5 Qe1+ 40. Ka2 Qb4 41. Rd5 Qa5+ 42. Kb3 Qb6 43. Kb4 Qc7 44. Kc5 Qe7+ 45.
Kb6 Qe3+ 46. Kb7 Qf2 47. Rd7 Qxb2 48. b6 Qc3 49. Kc7 Qe5+ 50. Kb7 Qa5 51. Kc7
h6 52. Rd6+ Kg5 53. Rd5 Qb4 {Time forfeit} 0-1

[Event "Rated Blitz game"]
[Site "?"]
[Date "2021.03.26"]
[Round "?"]
[White "Klappspaten"]
[Black "Dzon_Vejn"]
[Result "0-1"]
[WhiteElo "2430"]
[BlackElo "2445"]
[PlyCount "44"]
[EventDate "2021.??.??"]
[EventType "blitz"]

1. e4 e5 2. Nf3 d5 3. exd5 e4 4. Ne5 Qxd5 5. d4 exd3 6. Nxd3 Bf5 7. Nc3 Qe6+ 8.
Be3 Nc6 9. Be2 O-O-O 10. O-O Nf6 11. Bf3 Nd4 12. Bxd4 Rxd4 13. Re1 Qd7 14. Qe2
Bxd3 15. cxd3 Bb4 16. Rac1 Rd8 17. h3 a6 18. Qe5 Kb8 19. Qg5 Rxd3 20. Qxg7 Rxf3
21. Red1 Bd6 22. gxf3 Rg8 {Normal} 0-1

[Event "Rated Blitz game"]
[Site "?"]
[Date "2021.03.26"]
[Round "?"]
[White "elpensionado"]
[Black "Dzon_Vejn"]
[Result "1/2-1/2"]
[WhiteElo "2511"]
[BlackElo "2434"]
[PlyCount "141"]
[EventDate "2021.??.??"]
[EventType "blitz"]

1. e4 e5 2. Nf3 d5 3. d3 Nc6 4. Bg5 f6 5. Bh4 dxe4 6. dxe4 Qxd1+ 7. Kxd1 Bg4 8.
Be2 O-O-O+ 9. Kc1 Bc5 10. Rd1 Nge7 11. Nbd2 h5 12. h3 Bxf3 13. Bxf3 g5 14. Bg3
h4 15. Bh2 Bxf2 16. c3 Ng6 17. Kc2 Be3 18. Nc4 Bf4 19. Bg1 Rxd1 20. Rxd1 Rd8
21. Rd5 Nge7 22. Bg4+ Kb8 23. Rd7 Rxd7 24. Bxd7 Nd8 25. Kd3 b6 26. b4 c6 27.
Bg4 Kc7 28. a4 Nf7 29. a5 b5 30. Ne3 Bxe3 31. Bxe3 Ng6 32. Bh5 Ngh8 33. Bxa7
Nd6 34. Bc5 Nhf7 35. Bg4 Nd8 36. Ke3 N8b7 37. Bb6+ Kb8 38. a6 Nc4+ 39. Kf3 Nxb6
40. axb7 Kxb7 41. Be6 Kc7 42. Kg4 Kd6 43. Kf5 Ke7 44. Bb3 Nc8 45. Kg6 Nd6 46.
Bc2 Nc4 47. Bd3 Ne3 48. Be2 Nxg2 49. c4 bxc4 50. Bxc4 Nf4+ 51. Kf5 Nxh3 52. Kg4
Nf4 53. Kf3 Ne6 54. Kg4 Nd4 55. Bd3 Kf7 56. Bc4+ Kg6 57. Bd3 Nb3 58. Bc4 Nd2
59. Bd3 Nb3 60. Bc4 Nd4 61. Ba2 f5+ 62. exf5+ Nxf5 63. Bb1 Kf6 64. Bxf5 Ke7 65.
Be4 Kd6 66. Kxg5 h3 67. Kf6 h2 68. Bf3 c5 69. bxc5+ Kxc5 70. Kxe5 h1=Q 71. Bxh1
{Normal} 1/2-1/2

[Event "Rated Blitz game"]
[Site "?"]
[Date "2021.03.26"]
[Round "?"]
[White "flaggernoob"]
[Black "Schachelite"]
[Result "0-1"]
[WhiteElo "2519"]
[BlackElo "2435"]
[PlyCount "34"]
[EventDate "2021.??.??"]
[EventType "blitz"]

1. e4 e5 2. Nf3 d5 3. exd5 e4 4. Qe2 Nf6 5. Nc3 Be7 6. Nxe4 O-O 7. d3 Re8 8.
Be3 Nxd5 9. O-O-O f5 10. Nc3 Nxc3 11. bxc3 f4 12. d4 fxe3 13. Ne5 Be6 14. Qxe3
Bxa2 15. c4 Nc6 16. f4 Nxd4 17. Qxd4 Ba3+ {Normal} 0-1

[Event "Rated Blitz game"]
[Site "?"]
[Date "2021.03.26"]
[Round "?"]
[White "elpensionado"]
[Black "dr_xStranger"]
[Result "1-0"]
[WhiteElo "2517"]
[BlackElo "2535"]
[PlyCount "51"]
[EventDate "2021.??.??"]
[EventType "blitz"]

1. e4 e5 2. Nf3 d5 3. exd5 e4 4. Qe2 Nf6 5. d3 Bb4+ 6. c3 O-O 7. cxb4 exf3 8.
Qxf3 Re8+ 9. Be3 Bg4 10. Qg3 Qxd5 11. Nc3 Qe6 12. h3 Bh5 13. Qxc7 Na6 14. Qc4
Qb6 15. g4 Nxb4 16. O-O-O Rxe3 17. fxe3 Bg6 18. e4 Nd7 19. Be2 Ne5 20. Qb3 Qd4
21. Kb1 a5 22. Nd5 Bxe4 23. dxe4 Qxe4+ 24. Bd3 Nbxd3 25. Ka1 a4 26. Qxb7 {
Normal} 1-0

[Event "Rated Blitz game"]
[Site "?"]
[Date "2021.03.26"]
[Round "?"]
[White "ffl0"]
[Black "Dzon_Vejn"]
[Result "1-0"]
[WhiteElo "2532"]
[BlackElo "2438"]
[PlyCount "129"]
[EventDate "2021.??.??"]
[EventType "blitz"]

1. e4 e5 2. Nf3 d5 3. exd5 e4 4. Qe2 Nf6 5. d3 Qxd5 6. Nbd2 Bf5 7. dxe4 Nxe4 8.
Ng5 Bb4 9. c3 O-O 10. Ngxe4 Nc6 11. Qc4 Bxe4 12. Nxe4 Qxc4 13. Bxc4 Rfe8 14. f3
Bf8 15. O-O Ne5 16. Bb3 c5 17. Ba4 Re6 18. Bf4 Ng6 19. Bg3 h6 20. Rfe1 Kh7 21.
Rad1 a6 22. Bc2 Kh8 23. Nd2 Rae8 24. Rxe6 Rxe6 25. Re1 Rc6 26. Re8 Kg8 27. Nc4
b5 28. Bxg6 Rxg6 29. Ne5 Rd6 30. Kf2 g6 31. Nxf7 Rd2+ 32. Ke3 Rxb2 33. Nxh6+
Kg7 34. Be5+ Kxh6 35. Rxf8 g5 36. g4 Rxa2 37. Rf6+ Kh7 38. Ke4 b4 39. Kf5 b3
40. c4 b2 41. Rf7+ Kg8 42. Rb7 a5 43. Rxb2 Ra4 44. Kg6 Kf8 45. Bd6+ Ke8 46.
Bxc5 Kd7 47. Bb6 Kc6 48. Kxg5 Ra3 49. f4 Rf3 50. f5 Rd3 51. h4 Rc3 52. c5 a4
53. h5 a3 54. Ra2 Rc4 55. h6 Rc3 56. h7 Rh3 57. Rxa3 Rxa3 58. h8=Q Kb5 59. Qf6
Ka6 60. Qe5 Rb3 61. Qe6 Rb5 62. f6 Rb4 63. f7 Kb5 64. Qf6 Rb3 65. Kg6 {Time
forfeit} 1-0

[Event "Rated Blitz game"]
[Site "?"]
[Date "2021.03.26"]
[Round "?"]
[White "xenta_absenta"]
[Black "Roberto_Baggio1978"]
[Result "0-1"]
[WhiteElo "2509"]
[BlackElo "2555"]
[PlyCount "76"]
[EventDate "2021.??.??"]
[EventType "blitz"]

1. e4 e5 2. Nf3 d5 3. d4 dxe4 4. Nxe5 Bd6 5. Nc4 Nf6 6. Nxd6+ Qxd6 7. Be2 Nc6
8. c3 Ne7 9. Nd2 O-O 10. Nc4 Qe6 11. O-O b6 12. Ne3 Bb7 13. f3 Nfd5 14. fxe4
Qxe4 15. Nxd5 Bxd5 16. Bf3 Qg6 17. Bxd5 Nxd5 18. Qf3 c6 19. Qf5 Qxf5 20. Rxf5
Rae8 21. Bd2 g6 22. Rff1 f5 23. Rae1 Nf6 24. Bh6 Rxe1 25. Rxe1 Re8 26. Rxe8+
Nxe8 27. Kf2 Kf7 28. Bf4 Ng7 29. a4 a6 30. Ke3 Ke6 31. Be5 Ne8 32. Kf4 Nf6 33.
Bxf6 Kxf6 34. h4 h6 35. b4 g5+ 36. hxg5+ hxg5+ 37. Ke3 b5 38. a5 Ke6 {Normal}
0-1

[Event "Rated Blitz game"]
[Site "?"]
[Date "2021.03.26"]
[Round "?"]
[White "ScareCCrow06PL"]
[Black "Trompatzer"]
[Result "1-0"]
[WhiteElo "2474"]
[BlackElo "2400"]
[PlyCount "91"]
[EventDate "2021.??.??"]
[EventType "blitz"]

1. e4 e5 2. Nf3 d5 3. exd5 Bd6 4. Nc3 Nf6 5. d4 e4 6. Ne5 O-O 7. Bg5 Nbd7 8.
Nxd7 Bxd7 9. Be2 Bb4 10. O-O Bxc3 11. bxc3 h6 12. Bxf6 Qxf6 13. Qd2 Qd6 14. c4
f5 15. Qc3 f4 16. c5 Qg6 17. Kh1 Bg4 18. Bxg4 Qxg4 19. f3 Qf5 20. Qb3 e3 21.
d6+ Kh8 22. d7 Qxd7 23. c3 b6 24. Qc4 Rae8 25. Rfe1 Rf6 26. Re2 Rf5 27. cxb6
axb6 28. a4 Rh5 29. Rd1 Qe7 30. d5 Qh4 31. h3 Qg3 32. Rd4 Ree5 33. Rxf4 Rxh3+
34. gxh3 Qxh3+ 35. Kg1 Rg5+ 36. Rg4 Rh5 37. Rxe3 Qh1+ 38. Kf2 Rh2+ 39. Kg3 Qg1+
40. Kf4 Qc1 41. Qxc7 g5+ 42. Ke4 Qc2+ 43. Ke5 Qg6 44. Qc8+ Kh7 45. Qd7+ Kh8 46.
Rc4 {Time forfeit} 1-0

[Event "Rated Blitz game"]
[Site "?"]
[Date "2021.03.26"]
[Round "?"]
[White "Florianger"]
[Black "blastol"]
[Result "0-1"]
[WhiteElo "2472"]
[BlackElo "2443"]
[PlyCount "92"]
[EventDate "2021.??.??"]
[EventType "blitz"]

1. e4 e5 2. Nf3 d5 3. Nxe5 Bd6 4. d4 dxe4 5. Nc3 Nf6 6. Bg5 O-O 7. Bxf6 Qxf6 8.
Nxe4 Qe7 9. Bd3 f6 10. Bc4+ Kh8 11. Nf7+ Rxf7 12. Bxf7 Qxe4+ 13. Qe2 Qxe2+ 14.
Kxe2 Nc6 15. c3 Bf5 16. Rhe1 Rf8 17. Bd5 Ne7 18. Bf3 Ng6 19. g3 Bd7 20. Kd2 Ne7
21. h4 Nc6 22. Re2 f5 23. Rae1 h6 24. Bd5 f4 25. Be6 Bxe6 26. Rxe6 fxg3 27.
fxg3 Bxg3 28. b4 Bxe1+ 29. Rxe1 Rf2+ 30. Kd3 Rxa2 31. b5 Na5 32. Re7 Rb2 33.
Rxc7 Rxb5 34. c4 Rh5 35. d5 Rxh4 36. d6 Rh3+ 37. Ke4 Rh1 38. d7 Re1+ 39. Kf5
Rd1 40. Kg6 Rd6+ 41. Kf7 Nc6 42. Rxb7 Nd8+ 43. Ke7 Nxb7 44. c5 Rxd7+ 45. Kxd7
Nxc5+ 46. Kc6 Ne4 {Normal} 0-1

[Event "Rated Blitz game"]
[Site "?"]
[Date "2021.03.26"]
[Round "?"]
[White "Turkmentiger2020"]
[Black "Kaissiber"]
[Result "1-0"]
[WhiteElo "2556"]
[BlackElo "2448"]
[PlyCount "47"]
[EventDate "2021.??.??"]
[EventType "blitz"]

1. e4 e5 2. Nf3 d5 3. exd5 e4 4. Qe2 Nf6 5. d3 Be7 6. dxe4 O-O 7. Nc3 Re8 8. a3
c6 9. Be3 cxd5 10. O-O-O Qa5 11. e5 Bxa3 12. Nb1 Bxb2+ 13. Kxb2 Qb4+ 14. Kc1
Ne4 15. Rd4 Qf8 16. Rxd5 Nc6 17. Qc4 Bf5 18. Bd3 Nb4 19. Bxe4 Rac8 20. Rc5 Bxe4
21. Qxb4 b6 22. Rxc8 Rxc8 23. Qxf8+ Kxf8 24. c3 {Normal} 1-0